|
|
|
|
| LEADER |
02372nam a2200613 i 4500 |
| 001 |
nkc20183037468 |
| 003 |
CZ PrNK |
| 005 |
20190123094114.0 |
| 007 |
ta |
| 008 |
180920s2018 xr a e c 000 0dcze |
| 020 |
|
|
|a 978-80-87420-91-1
|q (brožováno)
|
| 040 |
|
|
|a BOA001
|b cze
|e rda
|
| 041 |
1 |
|
|a cze
|a ger
|h cze
|h ger
|
| 043 |
|
|
|a e-au---
|
| 045 |
|
|
|a y-y-
|
| 072 |
|
7 |
|a 75
|x Malířství
|2 Konspekt
|9 21
|
| 080 |
|
|
|a 75(436)
|2 MRF
|
| 080 |
|
|
|a 7.038.55
|2 MRF
|
| 080 |
|
|
|a 7.036/.038
|2 MRF
|
| 080 |
|
|
|a (436)
|2 MRF
|
| 080 |
|
|
|a (083.824)
|2 MRF
|
| 100 |
1 |
|
|a Stocker, Oskar,
|d 1956-
|7 mzk20181017963
|4 art
|
| 245 |
1 |
0 |
|a Oskar Stocker :
|b svoboda = Freiheit : 21.9.-28.10.2018, Galerie umění Karlovy Vary /
|c texty František Piškanin, Jan Samec, Marcus G. Patka ; překlad Ivana Bertram
|
| 246 |
3 |
|
|a Svoboda - Oskar Stocker
|
| 246 |
3 |
|
|a Freiheit - Oskar Stocker
|
| 264 |
|
1 |
|a Karlovy Vary :
|b Galerie umění,
|c 2018
|
| 300 |
|
|
|a 60 stran :
|b ilustrace (převážně barevné) ;
|c 28 cm
|
| 336 |
|
|
|a text
|b txt
|2 rdacontent
|
| 336 |
|
|
|a statický obraz
|b sti
|2 rdacontent
|
| 337 |
|
|
|a bez média
|b n
|2 rdamedia
|
| 338 |
|
|
|a svazek
|b nc
|2 rdacarrier
|
| 500 |
|
|
|a 400 výtisků
|
| 546 |
|
|
|a Souběžný německý text
|
| 600 |
1 |
7 |
|a Stocker, Oskar,
|d 1956-
|7 mzk20181017963
|2 czenas
|
| 648 |
|
7 |
|a 21. století
|7 ch460559
|2 czenas
|
| 650 |
0 |
7 |
|a rakouské malířství
|7 ph125016
|y 21. století
|2 czenas
|
| 650 |
0 |
7 |
|a instalace (umění)
|7 ph121119
|z Rakousko
|y 21. století
|2 czenas
|
| 650 |
0 |
7 |
|a moderní umění
|7 ph115340
|z Rakousko
|2 czenas
|
| 650 |
0 |
9 |
|a Austrian painting
|y 21st century
|2 eczenas
|
| 650 |
0 |
9 |
|a installations (art)
|z Austria
|y 21st century
|2 eczenas
|
| 650 |
0 |
9 |
|a modern art
|z Austria
|2 eczenas
|
| 655 |
|
7 |
|a katalogy výstav
|7 fd132536
|2 czenas
|
| 655 |
|
9 |
|a exhibition catalogs
|2 eczenas
|
| 700 |
1 |
|
|a Piškanin, František,
|d 1947-
|7 xx0230296
|4 aut
|
| 700 |
1 |
|
|a Samec, Jan,
|d 1955-
|7 jn20000710491
|4 aut
|
| 700 |
1 |
|
|a Patka, Marcus G.,
|d 1966-
|7 jn19990006395
|4 aut
|
| 700 |
1 |
|
|a Bertram, Ivana
|7 kv2016900371
|4 trl
|
| 710 |
2 |
|
|a Galerie umění (Karlovy Vary, Česko)
|7 kn20010724243
|4 orm
|4 isb
|
| 910 |
2 |
|
|a BOA001
|b 4-1417.492
|
| 928 |
9 |
|
|a Galerie umění Karlovy Vary
|
| 990 |
|
|
|a BK
|
| 995 |
|
|
|a 11
|
| 991 |
|
|
|b 201812
|c NOV
|
| 996 |
6 |
|
|b 2610764137
|c 4-1417.492
|l MZK
|r Sklad / do 1 hodiny
|n 0
|p p.v.
|w 001698203
|u 000010
|a 1
|e BOA001
|j MZK50
|s P
|